Trasescena (Record no. 540)

MARC details
000 -LEADER
campo de control de longitud fija 00562nam a22001457a 4500
008 - DATOS DE LONGITUD FIJA--INFORMACIÓN GENERAL
campo de control de longitud fija 150424b xxu||||| |||| 00| 0 eng d
082 ## - NÚMERO DE LA CLASIFICACIÓN DECIMAL DEWEY
Número de clasificación 792.102.32
Número de ítem T 775t
100 ## - ENTRADA PRINCIPAL--NOMBRE DE PERSONA
Nombre de persona Vinocour, Fernando (editor)
9 (RLIN) 2482
110 ## - ENTRADA PRINCIPAL--NOMBRE DE ENTIDAD CORPORATIVA
Nombre de entidad corporativa o nombre de jurisdicción como elemento de entrada Centro Cultural de España
9 (RLIN) 2483
245 ## - MENCIÓN DEL TÍTULO
Título Trasescena
Mención de responsabilidad, etc. Vinocour, Fernando (editor)
260 ## - PUBLICACIÓN, DISTRIBUCIÓN, ETC.
Lugar de publicación, distribución, etc. Costa Rica
Nombre del editor, distribuidor, etc. Centro Cultural de España
Fecha de publicación, distribución, etc. sf
300 ## - DESCRIPCIÓN FÍSICA
Extensión 158 p.
Otras características físicas ill.
Dimensiones 21X14 cm
650 ## - PUNTO DE ACCESO ADICIONAL DE MATERIA--TÉRMINO DE MATERIA
Subdivisión general Teatro
-- Arte escénico
-- Producción y dirección
-- Argumentos
-- Dialogos
-- Critica e interpretación
9 (RLIN) 2484
700 ## - ENTRADA AGREGADA--NOMBRE PERSONAL
Nombre de persona Vinocour, Fernando (editor)
9 (RLIN) 2485
Holdings
Estatus retirado Estado de pérdida Fuente del sistema de clasificación o colocación Estado de daño No para préstamo Biblioteca de origen Biblioteca actual Ubicación en estantería Fecha de adquisición Total de préstamos Signatura topográfica completa Código de barras Visto por última vez Precio de reemplazo Tipo de ítem Koha
    Clasificación Decimal Dewey     Biblioteca LadoV Biblioteca LadoV   24/04/2015   792.102.32 T 775t 000519 24/04/2015 24/04/2015 Material 01